[Event "ch-RUS Rapid w 2016"]
[Site "Sochi RUS"]
[Date "2016.10.02"]
[Round "5.12"]
[White "Galliamova, Alisa"]
[Black "Diakonova, Ekaterina"]
[Result "1-0"]
[WhiteTitle "IM"]
[WhiteElo "2450"]
[BlackElo "2321"]
[WhiteFideId "4129725"]
[BlackFideId "24172936"]
[EventDate "2016.10.02"]

1. d4 Nf6 2. Nf3 g6 3. c4 Bg7 4. e3 O-O 5. Be2 d6 6. O-O Nfd7 7. b4 c5 8. bxc5
dxc5 9. Bb2 Nc6 10. Nc3 cxd4 11. exd4 b6 12. Qd2 Ba6 13. Rac1 Na5 14. Nb5 Nc5
15. Rfd1 Ne4 16. Qb4 Nd6 17. c5 Nxb5 18. Bxb5 Bxb5 19. Qxb5 bxc5 20. Bc3 Qb6 21.
Qxa5 cxd4 22. Nxd4 Bxd4 23. Rxd4 1-0

[Event "ch-RUS Rapid w 2016"]
[Site "Sochi RUS"]
[Date "2016.10.02"]
[Round "5.13"]
[White "Sazonova, Anastasia"]
[Black "Gritsayeva, Oksana"]
[Result "0-1"]
[WhiteTitle "WFM"]
[BlackTitle "WFM"]
[WhiteElo "2115"]
[BlackElo "2321"]
[WhiteFideId "24131008"]
[BlackFideId "14104652"]
[EventDate "2016.10.02"]

1. d4 g6 2. c4 Bg7 3. e4 d6 4. Nf3 Bg4 5. Be2 Nc6 6. Be3 e5 7. d5 Bxf3 8. Bxf3
Nd4 9. Nc3 Ne7 10. Rc1 O-O 11. O-O c5 12. dxc6 bxc6 13. Be2 Rb8 14. b3 f5 15. f3
Kh8 16. Bg5 Bf6 17. Be3 c5 18. Nd5 Nxd5 19. cxd5 Bg5 20. Bxd4 Bxc1 21. Bxe5+
dxe5 22. Qxc1 Qd6 23. Bd3 Rb4 24. Qc2 fxe4 25. Bxe4 c4 26. bxc4 Qc5+ 27. Qf2
Qxf2+ 28. Rxf2 Rxc4 29. Rb2 Rf7 30. h3 Kg7 31. Rb8 Ra4 32. Rb2 Rc7 33. Kf2 Kf6
34. Ke3 Ke7 35. Rd2 Ra3+ 36. Ke2 Kd6 37. h4 Rc5 38. g4 Rca5 39. h5 gxh5 40. gxh5
h6 41. Bb1 a6 42. Kf2 Rxd5 43. Rb2 Rb5 44. Rd2+ Ke7 45. Be4 Rba5 46. Bd5 R5a4
47. Bb3 Rh4 48. Rc2 Rh2+ 49. Ke3 Rxc2 0-1

[Event "ch-RUS Rapid w 2016"]
[Site "Sochi RUS"]
[Date "2016.10.02"]
[Round "5.14"]
[White "Semenova, Elena1"]
[Black "Baraeva, Marina"]
[Result "1-0"]
[WhiteTitle "WIM"]
[BlackTitle "WIM"]
[WhiteElo "2256"]
[BlackElo "2173"]
[WhiteFideId "24125148"]
[BlackFideId "24142573"]
[EventDate "2016.10.02"]

1. e4 e6 2. d4 d5 3. Nd2 c5 4. exd5 Qxd5 5. Ngf3 cxd4 6. Bc4 Qd6 7. O-O Nf6 8.
Nb3 Nc6 9. Nbxd4 Nxd4 10. Nxd4 a6 11. c3 Qc7 12. Bb3 Bd6 13. h3 h6 14. Qf3 Be5
15. Re1 O-O 16. Be3 Bd7 17. a4 Rad8 18. a5 Rc8 19. Bc2 Bc6 20. Nxc6 Qxc6 21.
Qxc6 Rxc6 22. Bd1 Bc7 23. Bf3 Nd5 24. Bd4 Rd8 25. g3 f6 26. Ra4 e5 27. c4 Ne7
28. Bxc6 Nxc6 29. Be3 Bxa5 30. Rxa5 Nxa5 31. Bb6 Rc8 32. Bxa5 Rxc4 33. Rd1 Rc5
34. Bb4 Rc4 35. Bc3 b5 36. Rd6 b4 37. Be1 a5 38. Kf1 Rc2 39. Rd2 Rc1 40. b3 Ra1
41. Ke2 a4 42. bxa4 Rxa4 43. Rb2 Ra7 44. Bxb4 Kf7 45. Bc5 Rc7 46. Be3 g5 47. g4
Kg6 48. Ra2 h5 49. Kf3 hxg4+ 50. hxg4 Rc6 51. Rb2 Rc4 52. Rb8 Ra4 53. Bd2 Rd4
54. Be1 Rd3+ 55. Kg2 Rd1 56. Kf1 Rd4 57. Rb4 Rd6 58. Ke2 f5 59. Bd2 Rf6 60. Rb8
fxg4 61. Rg8+ Kf7 62. Rxg5 Ke6 63. Rxg4 Kd5 64. Ra4 Rc6 65. Kd3 Rc8 66. Ra5+ Ke6
67. Bc3 Kd6 68. Bxe5+ Ke6 69. f4 Rf8 70. Ke4 Rc8 71. f5+ Kf7 72. Ra7+ 1-0

[Event "ch-RUS Rapid w 2016"]
[Site "Sochi RUS"]
[Date "2016.10.02"]
[Round "5.15"]
[White "Berdychevskaya, Natasha"]
[Black "Yakimova, Mariya"]
[Result "1-0"]
[WhiteTitle "WFM"]
[WhiteElo "2208"]
[BlackElo "1678"]
[WhiteFideId "4159322"]
[BlackFideId "34188859"]
[EventDate "2016.10.02"]

1. e4 c5 2. Nf3 d6 3. d4 cxd4 4. Nxd4 Nf6 5. Nc3 a6 6. Be2 e6 7. O-O Be7 8. f4
Qc7 9. Qe1 O-O 10. Qg3 Nc6 11. Be3 Nxd4 12. Bxd4 Rd8 13. Rad1 Bf8 14. Bxf6 1-0

[Event "ch-RUS Rapid w 2016"]
[Site "Sochi RUS"]
[Date "2016.10.03"]
[Round "6.1"]
[White "Pustovoitova, Daria"]
[Black "Vasilevich, Irina"]
[Result "0-1"]
[WhiteTitle "FM"]
[BlackTitle "IM"]
[WhiteElo "2386"]
[BlackElo "2285"]
[WhiteFideId "4182146"]
[BlackFideId "4141296"]
[EventDate "2016.10.02"]

1. d4 e6 2. c4 b6 3. a3 Bb7 4. Nc3 f5 5. f3 Nf6 6. e3 Be7 7. Bd3 O-O 8. Nge2 a5
9. O-O Kh8 10. e4 fxe4 11. fxe4 e5 12. h3 exd4 13. Nxd4 Bc5 14. Be3 Nc6 15. Nf5
Bxe3+ 16. Nxe3 Qe7 17. Ned5 Qc5+ 18. Kh1 Ne5 19. Nxf6 Rxf6 20. Rxf6 gxf6 21. Qf1
Rf8 22. Rd1 Ba6 23. Qf5 c6 24. g4 Qe3 25. Qf1 Kg7 26. Be2 Rf7 27. Kg2 Ng6 28.
Kh2 Nf4 29. Qf3 Qxf3 30. Bxf3 Bxc4 31. Na4 Bb3 32. Nxb6 Bxd1 33. Bxd1 Nd3 34. b3
Re7 35. Bc2 Nc5 36. Nc4 Nxe4 37. Nxa5 Nc5 38. Bf5 Re3 39. b4 Rxa3 40. Nc4 Ra2+
41. Kg3 Ne6 42. Nb6 Ra3+ 43. Kf2 Nd4 44. Bxd7 Rf3+ 45. Kg2 Rb3 46. Na4 Rxb4 47.
Nc5 Rc4 48. Nb7 Rc2+ 49. Kg3 c5 50. Nd6 Rc3+ 51. Kg2 Nc2 52. Be6 Ne3+ 53. Kf2
Nd1+ 54. Ke2 Nb2 55. Ne8+ Kf8 56. Nxf6 Rxh3 57. g5 Rh2+ 58. Ke3 Kg7 59. Ng4 Rg2
60. Bf5 Nc4+ 61. Kf3 Rg1 62. Kf2 Rh1 63. Nf6 Nd6 64. Be6 c4 65. Ke3 Re1+ 0-1

[Event "ch-RUS Rapid w 2016"]
[Site "Sochi RUS"]
[Date "2016.10.03"]
[Round "6.3"]
[White "Bodnaruk, Anastasia"]
[Black "Goryachkina, Aleksandra"]
[Result "0-1"]
[WhiteTitle "IM"]
[BlackTitle "WGM"]
[WhiteElo "2463"]
[BlackElo "2460"]
[WhiteFideId "4181751"]
[BlackFideId "4147103"]
[EventDate "2016.10.02"]

1. e4 Nf6 2. e5 Nd5 3. d4 d6 4. Bc4 Nb6 5. Bb3 dxe5 6. Qh5 e6 7. dxe5 a5 8. a4
Na6 9. c3 Nc5 10. Bc2 Nd3+ 11. Bxd3 Qxd3 12. Ne2 Bd7 13. b3 Qg6 14. Qxg6 hxg6
15. f4 Bc6 16. Kf2 Bc5+ 17. Kg3 O-O-O 18. Nd2 Rd3+ 19. Nf3 Nd5 20. b4 axb4 21.
cxb4 Nxb4 22. Ba3 Na6 23. Bc1 Rhd8 24. h4 Rb3 25. Rf1 Rdd3 26. f5 gxf5 27. h5
Be7 28. Bf4 Nc5 29. Nc1 Bxf3 30. gxf3 Ne4+ 31. Kg2 Rb2+ 32. Kh1 Rd8 33. fxe4 Rh8
34. Nd3 Rxh5+ 35. Kg1 Rb3 36. Nf2 g5 37. Bh2 g4 38. Kg2 Bc5 39. Ra2 Bxf2 40.
Raxf2 Rxh2+ 41. Kxh2 g3+ 42. Kg2 gxf2 43. exf5 Re3 44. fxe6 fxe6 45. Rxf2 Rxe5
46. Rc2 b6 47. Kf3 Kb7 48. Kf4 Rh5 49. Re2 Rh4+ 50. Ke5 Rxa4 51. Kxe6 Rd4 52.
Ke5 Rd1 53. Rb2 c5 0-1

[Event "ch-RUS Rapid w 2016"]
[Site "Sochi RUS"]
[Date "2016.10.03"]
[Round "6.4"]
[White "Kovalevskaya, Ekaterina"]
[Black "Pogonina, Natalija"]
[Result "0-1"]
[WhiteTitle "IM"]
[BlackTitle "WGM"]
[WhiteElo "2437"]
[BlackElo "2484"]
[WhiteFideId "4116704"]
[BlackFideId "4147855"]
[EventDate "2016.10.02"]

1. Nf3 d5 2. c4 e6 3. e3 Nf6 4. b3 b6 5. Bb2 Bb7 6. Nc3 a6 7. Be2 Bd6 8. d4 Nbd7
9. O-O O-O 10. Rc1 Qe7 11. h3 Ne4 12. Nxe4 dxe4 13. Ne5 Nxe5 14. dxe5 Ba3 15.
Bxa3 Qxa3 16. Qc2 Rfd8 17. Rfd1 h6 18. Kf1 Kf8 19. Rxd8+ Rxd8 20. Rd1 Rxd1+ 21.
Qxd1 Ke7 22. Qd2 a5 23. f4 exf3 24. gxf3 Bc6 25. Kf2 f6 26. exf6+ gxf6 27. Qc2
f5 28. Qd2 e5 29. Qc3 Qd6 30. Ke1 Ke6 31. Qd2 Qxd2+ 32. Kxd2 f4 33. e4 Kf6 34.
Ke1 Kg5 35. Kf2 Kh4 36. Kg2 Bd7 37. Kh2 Bxh3 38. a3 Be6 39. Kg2 Kg5 40. b4 Bd7
41. Kh2 h5 42. Kg2 h4 43. Kh2 h3 44. Bf1 Kh4 45. Be2 Ba4 46. c5 axb4 47. axb4
bxc5 48. bxc5 Bb3 49. Bf1 Bd1 50. Bxh3 Bxf3 51. Bf5 Bg4 52. Bg6 f3 53. Kg1 Kg3
54. Bf5 Bh3 0-1

[Event "ch-RUS Rapid w 2016"]
[Site "Sochi RUS"]
[Date "2016.10.03"]
[Round "6.5"]
[White "Nechaeva, Marina"]
[Black "Charochkina, Daria"]
[Result "0-1"]
[WhiteTitle "IM"]
[BlackTitle "IM"]
[WhiteElo "2428"]
[BlackElo "2366"]
[WhiteFideId "4149351"]
[BlackFideId "4180917"]
[EventDate "2016.10.02"]

1. d4 f5 2. c4 Nf6 3. Nf3 e6 4. g3 d5 5. Bg2 c6 6. O-O Bd6 7. b3 O-O 8. Ba3 b6
9. Ne5 Bb7 10. Bxd6 Qxd6 11. cxd5 exd5 12. Nd2 Na6 13. Rc1 Rac8 14. Ndf3 Ne4 15.
e3 Nc7 16. Qc2 Ne6 17. Rfd1 c5 18. dxc5 bxc5 19. Qb2 Rfd8 20. Nd2 d4 21. Ndc4
Qc7 22. exd4 cxd4 23. Re1 Nc3 24. Nf3 Ne4 25. Rcd1 Qc5 26. Nfe5 Bd5 27. Rd3 Qb4
28. Qe2 Nc3 29. Qh5 Qf8 30. Bxd5 Rxd5 31. Nf3 g6 32. Qh4 Ne4 33. Red1 g5 34. Qh5
Nf6 35. Qh3 g4 36. Qg2 gxf3 37. Qxf3 Rcd8 38. Re1 Nc5 39. Rdd1 Nfe4 40. Qf4 Kh8
41. f3 Nf6 42. Ne5 d3 43. Qxf5 d2 44. Re2 Nd3 45. Rdxd2 Nxe5 46. Rxd5 Rxd5 47.
Rxe5 Qc5+ 0-1

[Event "ch-RUS Rapid w 2016"]
[Site "Sochi RUS"]
[Date "2016.10.03"]
[Round "6.6"]
[White "Girya, Olga"]
[Black "Nebolsina, Vera"]
[Result "1-0"]
[WhiteTitle "WGM"]
[BlackTitle "WGM"]
[WhiteElo "2446"]
[BlackElo "2219"]
[WhiteFideId "4195752"]
[BlackFideId "4163591"]
[EventDate "2016.10.02"]

1. d4 f5 2. c4 Nf6 3. Nc3 d6 4. Bg5 Nbd7 5. Qc2 g6 6. h4 h6 7. Bd2 e5 8. dxe5
Nxe5 9. e3 Bg7 10. Nh3 Be6 11. Nf4 Bf7 12. h5 g5 13. Nfd5 Qd7 14. f4 gxf4 15.
exf4 Nc6 16. O-O-O O-O-O 17. Nxf6 Bxf6 18. Be3 Rhe8 19. Bf2 Be6 20. Nd5 Bh8 21.
a3 Qg7 22. Bd3 Kb8 23. Kb1 Bd7 24. Bh4 Nd4 25. Qc3 Qxg2 26. Bxd8 Rxd8 27. Qd2
Qg7 28. Qf2 Ba4 29. Rdg1 Qd7 30. Rg6 Nb3 31. Re1 Nc5 32. Bc2 Bxc2+ 33. Qxc2 Ne4
34. Rxh6 Bd4 35. Rd1 Bg7 36. Rh7 c6 37. h6 cxd5 38. Rxg7 Qe6 39. cxd5 1-0

[Event "ch-RUS Rapid w 2016"]
[Site "Sochi RUS"]
[Date "2016.10.03"]
[Round "6.7"]
[White "Travkina, Anastasia"]
[Black "Ambartsumova, Karina"]
[Result "1/2-1/2"]
[WhiteTitle "WFM"]
[BlackTitle "WGM"]
[WhiteElo "2292"]
[BlackElo "2280"]
[WhiteFideId "24129151"]
[BlackFideId "4166299"]
[EventDate "2016.10.02"]

1. e4 c5 2. Nf3 a6 3. c4 e6 4. d4 cxd4 5. Nxd4 Nf6 6. Nc3 Bb4 7. Bd3 Qc7 8. O-O
Nc6 9. Be3 Ne5 10. h3 Bxc3 11. bxc3 Nxc4 12. Bg5 Nb2 13. Qd2 Nxd3 14. Qxd3 Qe5
15. Bxf6 gxf6 16. f4 Qc5 17. Kh1 Rg8 18. Nb3 Qc7 19. Nd2 Ke7 20. e5 f5 21. Nc4
b5 22. Nd6 Bb7 23. Nxb7 Qxb7 24. Qd6+ Ke8 25. Rf3 Rc8 26. a4 Rxc3 27. Raf1 Rc2
28. R1f2 Rc1+ 29. Kh2 b4 30. a5 b3 31. Qa3 Rc2 32. Rxc2 bxc2 33. Rf2 Qb1 34. Qf3
c1=Q 35. Qa8+ Ke7 36. Qxg8 Qg1+ 37. Kg3 Qd3+ 38. Rf3 Qe1+ 39. Kh2 Qxf3 40. Qg5+
Kf8 41. Qd8+ 1/2-1/2

[Event "ch-RUS Rapid w 2016"]
[Site "Sochi RUS"]
[Date "2016.10.03"]
[Round "6.8"]
[White "Galliamova, Alisa"]
[Black "Makarenko, Alexandra"]
[Result "1-0"]
[WhiteTitle "IM"]
[BlackTitle "WFM"]
[WhiteElo "2450"]
[BlackElo "2243"]
[WhiteFideId "4129725"]
[BlackFideId "4165055"]
[EventDate "2016.10.02"]

1. d4 Nf6 2. Nf3 g6 3. g3 Bg7 4. Bg2 O-O 5. O-O d6 6. b3 Nc6 7. Bb2 Nd7 8. c4 e5
9. Qd2 Re8 10. dxe5 dxe5 11. Rd1 e4 12. Nd4 Nce5 13. Nc3 f5 14. f3 e3 15. Qc2 c6
16. c5 Qe7 17. Na4 Nf6 18. b4 Nd5 19. b5 Bd7 20. f4 Ng4 21. bxc6 bxc6 22. Nxc6
Bxc6 23. Bxd5+ Bxd5 24. Rxd5 Nf2 25. Bxg7 Qxg7 26. Rc1 Qh6 27. Rd7 Re6 28. Qc4
Re8 29. Rb1 Ng4 30. h4 Kf8 31. Rbb7 R6e7 32. Qd4 g5 33. Rxe7 Rxe7 34. Rxe7 Kxe7
35. fxg5 Qc6 36. Nc3 Ke8 1-0

[Event "ch-RUS Rapid w 2016"]
[Site "Sochi RUS"]
[Date "2016.10.03"]
[Round "6.9"]
[White "Severina, Maria"]
[Black "Kovanova, Baira"]
[Result "1-0"]
[WhiteTitle "WIM"]
[BlackTitle "WGM"]
[WhiteElo "2232"]
[BlackElo "2382"]
[WhiteFideId "4116909"]
[BlackFideId "4164083"]
[EventDate "2016.10.02"]

1. Nf3 Nf6 2. g3 e6 3. c4 b6 4. Bg2 Bb7 5. O-O Be7 6. Nc3 c5 7. d4 cxd4 8. Qxd4
O-O 9. Rd1 Nc6 10. Qf4 d6 11. b3 Qb8 12. Bb2 a6 13. Ng5 Ne5 14. Nge4 Nxe4 15.
Nxe4 Ng6 16. Qd2 d5 17. cxd5 Bxd5 18. Qd4 f6 19. Rac1 Rd8 20. Qe3 Qb7 21. Bf3
Kh8 22. Nd2 Bc5 23. Bxd5 Qxd5 24. Qf3 Ne5 25. Qxd5 Rxd5 26. Ne4 Rad8 27. Rxd5
Rxd5 28. Nxc5 bxc5 29. e4 Nf3+ 30. Kg2 Rd2 31. Kxf3 Rxb2 32. Rxc5 Kg8 33. Ra5 1-0

[Event "ch-RUS Rapid w 2016"]
[Site "Sochi RUS"]
[Date "2016.10.03"]
[Round "6.10"]
[White "Gritsayeva, Oksana"]
[Black "Shaydullina, Sandugach"]
[Result "1-0"]
[WhiteTitle "WFM"]
[BlackTitle "WGM"]
[WhiteElo "2321"]
[BlackElo "2142"]
[WhiteFideId "14104652"]
[BlackFideId "4140389"]
[EventDate "2016.10.02"]

1. e4 c5 2. Nf3 g6 3. Bc4 Bg7 4. O-O Nc6 5. c3 d6 6. d4 cxd4 7. cxd4 Qb6 8. Nc3
Nxd4 9. Be3 e5 10. Nd5 Nxf3+ 11. Qxf3 Qd8 12. Rac1 Kf8 13. Nb6 Nf6 14. Nxa8 Bg4
15. Qg3 Qxa8 16. f3 Bd7 17. Rfd1 Ne8 18. Qf2 b6 19. Bd5 Qd8 20. Qe2 Nc7 21. Qc4
Ne6 22. Bc6 Bc8 23. Qd5 Ke7 24. Bb7 Bxb7 25. Qxb7+ Qd7 26. Qd5 Rd8 27. Rc4 Bf6
28. b3 Bg5 29. Bxg5+ Nxg5 30. Qc6 Ne6 31. Qxd7+ Kxd7 32. Kf2 Nd4 33. Ke3 b5 34.
Rcc1 Rb8 35. f4 f6 36. fxe5 dxe5 37. Rf1 Ke6 38. Rc7 a5 39. Ra7 Rb6 40. Rc1 f5
41. Rcc7 f4+ 42. Kf2 a4 43. Re7+ Kf6 44. Rf7+ Kg5 45. Rae7 axb3 46. Rxe5+ Kh6
47. axb3 Nxb3 48. Rxf4 Rb7 49. Rf3 Nd2 50. Rd3 Nc4 51. Red5 b4 52. Rb3 Na3 53.
Rd4 Nc2 54. Rc4 Na1 55. Rbxb4 Ra7 56. Rb2 Ra3 57. Rc7 Ra4 58. Kf3 Rd4 59. Ke3
Rd1 60. h4 Re1+ 61. Kf3 Rf1+ 62. Kg3 Rf8 63. Ra7 Rf1 64. Rbb7 1-0

[Event "ch-RUS Rapid w 2016"]
[Site "Sochi RUS"]
[Date "2016.10.03"]
[Round "6.11"]
[White "Gvanceladze, Anna"]
[Black "Sukhareva, Evgeniya"]
[Result "1-0"]
[WhiteTitle "WFM"]
[WhiteElo "2223"]
[BlackElo "2151"]
[WhiteFideId "4113721"]
[BlackFideId "4167155"]
[EventDate "2016.10.02"]

1. d4 d5 2. Nf3 e6 3. c4 Nf6 4. Bg5 h6 5. Bxf6 Qxf6 6. Nc3 c6 7. e3 Nd7 8. cxd5
exd5 9. Bd3 Be7 10. O-O O-O 11. a3 a5 12. Na4 b5 13. Nc3 Rd8 14. e4 dxe4 15.
Nxe4 Qf4 16. Rc1 Bb7 17. Qe2 Re8 18. Qe3 Qg4 19. h3 Qe6 20. Rfe1 Nb6 21. Qf4 Nd5
22. Qg3 Qd7 23. Ne5 Qe6 24. Bb1 Rad8 25. Ng4 Qd7 26. Nxh6+ Kf8 27. Ng4 Qc7 28.
Ne5 Bd6 29. Nxd6 Rxd6 30. Re4 Rh6 31. Rg4 g6 32. Qf3 Rd8 33. Bxg6 Rd6 34. Bxf7
Nf6 35. Bg6 c5 36. Qf4 Rh8 37. Rxc5 Qb8 38. Nd7+ 1-0

[Event "ch-RUS Rapid w 2016"]
[Site "Sochi RUS"]
[Date "2016.10.03"]
[Round "6.12"]
[White "Drozdova, Dina"]
[Black "Semenova, Elena1"]
[Result "1/2-1/2"]
[WhiteTitle "WIM"]
[BlackTitle "WIM"]
[WhiteElo "2242"]
[BlackElo "2256"]
[WhiteFideId "4170695"]
[BlackFideId "24125148"]
[EventDate "2016.10.02"]

1. d4 f5 2. e4 fxe4 3. Nc3 Nf6 4. Bg5 g6 5. h4 d5 6. f3 Be6 7. Qd2 exf3 8. gxf3
Nc6 9. O-O-O h6 10. Bf4 Qd7 11. Na4 b6 12. Nc3 Bf5 13. a3 Bg7 14. Nge2 Nh5 15.
Be3 O-O-O 16. Rg1 e5 17. Kb1 Na5 18. Nc1 Nc4 19. Bxc4 dxc4 20. d5 Nf4 21. N1e2
Qe7 22. Nxf4 exf4 23. Bd4 Bxd4 24. Qxd4 Qc5 25. Qxf4 h5 26. Qd4 Qxd4 27. Rxd4
Rhe8 28. Rxc4 Re3 29. Nb5 Rxd5 30. Nxc7 Rc5 31. Rxc5 bxc5 32. Nd5 Re2 33. Rc1
Kd7 34. Ka1 Rxc2 35. Rg1 Rh2 36. Nf4 Rxh4 37. Nxg6 Bxg6 38. Rxg6 Rf4 39. Rg5 Kc6
40. Rxh5 Rxf3 41. Ka2 a6 42. a4 Kb6 43. b3 Rg3 44. Kb2 Rf3 1/2-1/2

[Event "ch-RUS Rapid w 2016"]
[Site "Sochi RUS"]
[Date "2016.10.03"]
[Round "6.13"]
[White "Pavlova, Natalia"]
[Black "Ovod, Evgenija"]
[Result "0-1"]
[BlackTitle "IM"]
[WhiteElo "1990"]
[BlackElo "2362"]
[WhiteFideId "24135615"]
[BlackFideId "4131827"]
[EventDate "2016.10.02"]

1. Nf3 d5 2. g3 Nf6 3. Bg2 Bg4 4. O-O c6 5. d4 Nbd7 6. Nbd2 e6 7. Re1 Be7 8. e4
O-O 9. c3 Bh5 10. Qb3 Qb6 11. exd5 cxd5 12. Ne5 Nxe5 13. Rxe5 Qxb3 14. axb3 Bg6
15. Nf1 a5 16. Bg5 h6 17. Bxf6 Bxf6 18. Ree1 Rfd8 19. f4 b5 20. Ne3 b4 21. Ng4
Bc2 22. Ne5 bxc3 23. bxc3 Bxb3 24. Nc6 Rdc8 25. Nxa5 Bc2 26. c4 Bxd4+ 27. Kh1
Bxa1 28. Rxa1 Rxc4 0-1

[Event "ch-RUS Rapid w 2016"]
[Site "Sochi RUS"]
[Date "2016.10.03"]
[Round "6.14"]
[White "Tomilova, Elena"]
[Black "Berdychevskaya, Natasha"]
[Result "1/2-1/2"]
[WhiteTitle "WIM"]
[BlackTitle "WFM"]
[WhiteElo "2309"]
[BlackElo "2208"]
[WhiteFideId "4162340"]
[BlackFideId "4159322"]
[EventDate "2016.10.02"]

1. c4 e5 2. g3 Nf6 3. Bg2 d5 4. cxd5 Nxd5 5. Nf3 Nc6 6. O-O Be6 7. Nc3 Nb6 8. d3
Be7 9. b3 O-O 10. Bb2 f6 11. Rc1 a6 12. Ne4 Bd5 13. Qc2 Bd6 14. Rfd1 Qe7 15.
Nxd6 cxd6 16. e4 Bf7 17. d4 Bh5 18. d5 Nb4 19. Qd2 a5 20. Qe3 Nc8 21. a3 Na6 22.
Rd2 Qd7 23. Bc3 Nc5 24. b4 Nb3 25. Rdc2 Nxc1 26. Qxc1 axb4 27. Bxb4 Rf7 28. Nh4
Bg6 29. f3 Nb6 30. Qe3 Nxd5 31. Qb3 Nxb4 32. Qxb4 Qa4 33. Rc8+ Rf8 34. Rxf8+
Kxf8 35. Qxd6+ Kg8 36. Nxg6 hxg6 37. Qe6+ Kh7 38. Qh3+ Kg8 39. Qe6+ Kh8 40. Qh3+
Kg8 41. Qe6+ Kf8 42. Qd6+ Ke8 43. Qe6+ Kf8 1/2-1/2

[Event "ch-RUS Rapid w 2016"]
[Site "Sochi RUS"]
[Date "2016.10.03"]
[Round "6.15"]
[White "Stepanyan, Eva"]
[Black "Sazonova, Anastasia"]
[Result "0-1"]
[WhiteTitle "WCM"]
[BlackTitle "WFM"]
[WhiteElo "1854"]
[BlackElo "2115"]
[WhiteFideId "34165980"]
[BlackFideId "24131008"]
[EventDate "2016.10.02"]

1. e4 e6 2. d4 d5 3. Nd2 dxe4 4. Nxe4 Nd7 5. Nf3 Ngf6 6. Nxf6+ Nxf6 7. Bd3 c5 8.
dxc5 Bxc5 9. O-O O-O 10. Bg5 b6 11. Qe2 Bb7 12. Rad1 Qe7 13. Ne5 h6 14. Bh4 g5
15. Bg3 Rfd8 16. h4 Kg7 17. Rfe1 Rd4 18. c3 Rdd8 19. Ng4 Nh5 20. Be5+ f6 21. b4
Bd6 22. Bxd6 Rxd6 23. g3 Rad8 24. Ne3 Qf7 25. Bc4 Qg6 26. Rxd6 Rxd6 27. Nc2 gxh4
28. Nd4 hxg3 29. f3 Nf4 30. Qd1 0-1

[Event "ch-RUS Rapid w 2016"]
[Site "Sochi RUS"]
[Date "2016.10.03"]
[Round "7.1"]
[White "Pogonina, Natalija"]
[Black "Vasilevich, Irina"]
[Result "1-0"]
[WhiteTitle "WGM"]
[BlackTitle "IM"]
[WhiteElo "2484"]
[BlackElo "2285"]
[WhiteFideId "4147855"]
[BlackFideId "4141296"]
[EventDate "2016.10.02"]

1. d4 Nf6 2. c4 Nc6 3. Nf3 e6 4. g3 Bb4+ 5. Bd2 Bxd2+ 6. Nbxd2 d6 7. Bg2 O-O 8.
O-O e5 9. d5 Nb8 10. Ne1 a5 11. Nd3 b6 12. b3 Nbd7 13. a3 Qe7 14. e4 Nc5 15. Nb2
Ne8 16. b4 Nd7 17. Qc2 g6 18. Nd3 f5 19. c5 bxc5 20. bxc5 Ba6 21. c6 Bxd3 22.
Qxd3 Nc5 23. Qc4 f4 24. Nb3 Nxb3 25. Qxb3 Nf6 26. Rab1 g5 27. Qc2 Qg7 28. Rfe1
Qh6 29. h3 g4 30. h4 Nh5 31. Qd2 Rf6 32. Rb2 fxg3 33. fxg3 Qxd2 34. Rxd2 Nxg3
35. Rb1 Kg7 36. Rb7 Rf7 37. Rf2 Re7 38. Kh2 Nh5 39. Rf5 Nf6 40. Rg5+ Kf7 41. Rf5
h6 42. Kg3 Kg6 43. Rb1 Rf8 44. Kh2 Ref7 45. Rb7 Ra8 46. Kg1 Rg7 47. Kf2 Nh5 48.
Bf1 Nf4 49. Kg3 Kh7 50. Bc4 h5 51. Bf1 Kg6 52. Rg5+ Kh6 53. Rxg7 Kxg7 54. Rxc7+
Kf8 55. Rb7 Ke8 56. Bb5 Kd8 57. Rd7+ Kc8 58. Rxd6 a4 59. Rd7 Ra5 60. Rb7 Rxb5
61. Rxb5 Ne2+ 62. Kf2 Nc3 63. Rb4 Kc7 64. Rc4 Nd1+ 65. Ke2 g3 66. Rc1 Nf2 67.
d6+ Kxd6 68. c7 1-0

[Event "ch-RUS Rapid w 2016"]
[Site "Sochi RUS"]
[Date "2016.10.03"]
[Round "7.3"]
[White "Charochkina, Daria"]
[Black "Girya, Olga"]
[Result "1-0"]
[WhiteTitle "IM"]
[BlackTitle "WGM"]
[WhiteElo "2366"]
[BlackElo "2446"]
[WhiteFideId "4180917"]
[BlackFideId "4195752"]
[EventDate "2016.10.02"]

1. c4 c6 2. d4 d5 3. Nc3 Nf6 4. Nf3 dxc4 5. a4 Bf5 6. Nh4 Bc8 7. e3 Bg4 8. Qc2
e6 9. h3 Bh5 10. g4 Nd5 11. gxh5 Qxh4 12. Qd1 Bb4 13. Bd2 Nd7 14. Qg4 Qe7 15.
Bxc4 f5 16. Qe2 N7f6 17. f3 Nxh5 18. Rg1 Qh4+ 19. Kd1 O-O-O 20. Kc2 Rhe8 21. a5
Bxc3 22. bxc3 e5 23. a6 exd4 24. axb7+ Kb8 25. Bxd5 d3+ 26. Qxd3 Rxd5 27. Qa6
Rxd2+ 28. Kb3 Kc7 29. Qa5+ Kd6 30. Rgd1 Qf2 31. Qxa7 Ke6 32. Rxd2 Qxd2 33. b8=Q
Qd5+ 34. Ka3 Rxb8 35. Qxb8 Nf6 36. Qb3 Qxb3+ 37. Kxb3 Nd5 38. f4 Nf6 39. Kc4 Ne4
40. Ra7 Kf6 41. Rc7 g5 42. Rxc6+ Kf7 43. Kd5 g4 44. hxg4 Nf6+ 45. Rxf6+ Kxf6 46.
g5+ 1-0

[Event "ch-RUS Rapid w 2016"]
[Site "Sochi RUS"]
[Date "2016.10.03"]
[Round "7.4"]
[White "Bodnaruk, Anastasia"]
[Black "Pustovoitova, Daria"]
[Result "0-1"]
[WhiteTitle "IM"]
[BlackTitle "FM"]
[WhiteElo "2463"]
[BlackElo "2386"]
[WhiteFideId "4181751"]
[BlackFideId "4182146"]
[EventDate "2016.10.02"]

1. e4 e6 2. d4 d5 3. Nc3 Bb4 4. e5 Ne7 5. a3 Bxc3+ 6. bxc3 b6 7. Qg4 Ng6 8. h4
h5 9. Qd1 Ba6 10. Bxa6 Nxa6 11. Bg5 Qd7 12. a4 Nb8 13. g4 Qc6 14. Rh3 hxg4 15.
Qxg4 Qc4 16. h5 Nxe5 17. Qf4 Ned7 18. h6 gxh6 19. Kd2 Qc6 20. Nf3 Qd6 21. Ne5
Nxe5 22. dxe5 Qf8 23. Rxh6 Rxh6 24. Bxh6 Qh8 25. Rg1 Nd7 26. Bg7 Qh5 27. Rg5 Qh7
28. Bf6 Nc5 29. Rg7 Ne4+ 30. Ke3 Qh3+ 31. f3 Kd7 32. Rxf7+ Kc6 33. c4 Nc3 34.
Qg4 Qxg4 35. fxg4 Nxa4 36. g5 Nc5 37. cxd5+ exd5 38. g6 Rg8 39. g7 Nd7 40. Kf4
a5 41. Kf5 a4 42. e6 Nxf6 43. Kxf6 a3 44. Rf8 a2 45. Rxg8 a1=Q+ 46. Kf7 Qf1+ 47.
Ke7 Qg2 48. Kf7 Qf3+ 49. Ke8 Qf6 50. Rh8 Qxg7 51. Rf8 Kd6 52. Rf7 Qg8+ 53. Rf8
Qxe6+ 0-1

[Event "ch-RUS Rapid w 2016"]
[Site "Sochi RUS"]
[Date "2016.10.03"]
[Round "7.5"]
[White "Gritsayeva, Oksana"]
[Black "Galliamova, Alisa"]
[Result "1-0"]
[WhiteTitle "WFM"]
[BlackTitle "IM"]
[WhiteElo "2321"]
[BlackElo "2450"]
[WhiteFideId "14104652"]
[BlackFideId "4129725"]
[EventDate "2016.10.02"]

1. e4 c5 2. Nf3 e6 3. c4 Nc6 4. Be2 g5 5. h3 Bg7 6. d4 Nxd4 7. Nxg5 Ne7 8. O-O
h6 9. Nf3 Nxf3+ 10. Bxf3 O-O 11. Nc3 Nc6 12. Be2 d6 13. Bd3 Nd4 14. Qh5 Qf6 15.
Be3 Qg6 16. Qd1 f5 17. exf5 Nxf5 18. Bxf5 exf5 19. Bf4 Be6 20. Nd5 Kh7 21. Re1
Bf7 22. Qd3 Bd4 23. Re7 Kh8 24. Rae1 Rg8 25. g3 b5 26. b3 bxc4 27. bxc4 Rae8 28.
Kg2 a5 29. a4 Rxe7 30. Nxe7 Qf6 31. Nxg8 Kxg8 32. Be3 Qe6 33. Rd1 Be5 34. Bf4
Bxf4 35. gxf4 Kh7 36. Rd2 Qg6+ 37. Kh2 Qe6 38. Qxd6 Qxc4 39. Qe5 Qxa4 40. Qxf5+
Kg7 41. Qe5+ Kh7 42. f3 Qc6 43. Rg2 Bg6 44. f5 1-0